000 01027nac a22003257a 4500
001 BR5400179
003 BR-BrBNA
005 20240105112912.0
008 230509b bl.|||m| |||| 00| 0 por d
040 _aBR-BrBNA
_bpor
_cBiblioteca Nacional de Agricultura
072 _aM10; L74
090 _a8140 BR5400179
100 1 _aBastos, J.A.M.
110 1 _aDepartamento Nacional de Obras Contra as Secas, Fortaleza, CE (Brasil)
245 1 _aToxidez do timbo para algumas especies de peixes nordestinos e amazonicos [tucunare, piaba, Ceara, Brasil]
260 3 _aFortaleza, CE (Brasil):
_c1954.
300 _a17 p.
490 _aPublicacao. Serie I-C - Departamento Nacional de Obras Contra as Secas (Brazil)
_vno. 157
_x
500 _aSummary (Pt); 26 ref.
650 _aPISCICULTURA
650 _aTOXIDEZ
650 _aAGUA
650 _aPEIXE
650 _aTUCUNARE
650 _aPIABA
650 _aTIMBO
650 _aCEARA
909 _a202312
_bLúcia Elande
_c55
_dLúcia Elande
942 _2AGRIS
_n0
_cMS
999 _c260852
_d260852